| 000 | 00488nam a22001697a 4500 | ||
|---|---|---|---|
| 999 |
_c16930 _d16930 |
||
| 008 | 180707b xxu||||| |||| 00| 0 eng d | ||
| 020 | _a0826473474 | ||
| 040 |
_aKABU _cKABU |
||
| 050 |
_aLB1573 _b.S46 c. 1 |
||
| 100 | _aSenior, Claire | ||
| 245 | _aGetting the buggers to read | ||
| 260 |
_aLondon _bContinuum _c2005 |
||
| 300 | _aviii, 184 p. | ||
| 650 |
_aReading (elementary) _zGreat Britain |
||
| 650 |
_aReading (elementary) _vActivity programs |
||
| 942 |
_2lcc _cBK _hLB1573 |
||